Pohjoismaiden suurimmat kaupungit - Statistics

Yleistilastot
  • Tätä visaa on pelattu 5 526 kertaa
    3 693 viimeisimmän päivityksen jälkeen
  • Keskiarvotulos 15 / 30
Vastaustilastot
Väkiluku Kaupunki % Oikein
1,36 milj. Helsinki
100%
1,08 milj. Oslo
99%
1,77 milj. Tukholma
99%
359 t. Tampere
95%
287 t. Turku
93%
1,35 milj. Kööpenhamina
91%
213 t. Oulu
89%
325 t. Malmö
85%
655 t. Göteborg
77%
133 t. Jyväskylä
75%
95,1 t. Kuopio
69%
243 t. Reykjavik
61%
120 t. Lahti
58%
270 t. Bergen
54%
169 t. Uppsala
48%
197 t. Trondheim
43%
285 t. Aarhus
35%
114 t. Helsingborg
31%
101 t. Jönköping
29%
181 t. Odense
27%
119 t. Linköping
26%
235 t. Stavanger
22%
120 t. Aalborg
21%
98,1 t. Norrköping
19%
127 t. Örebro
19%
129 t. Västerås
15%
94,8 t. Lund
11%
123 t. Drammen
7%
120 t. Fredrikstad
4%
95,8 t. Skien
2%
Ehtoja vastaavia visoja ei löytynyt
Tulosjakauma
Jokaisen tuloksen saaneiden osuus
Persentiili vastausten määrän mukaan
Tuloshistoriasi
Et ole pelannut tätä visaa sen viimeisimmän päivityksen jälkeen